MARC

LEADER 00000nam0a2200000 4500
001 208056
005 20231101225434.0
010 |a 075382096X 
035 |a (RuTPU)RU\TPU\book\227089 
090 |a 208056 
100 |a 20120131d2006 m y0engy50 ba 
101 0 |a eng 
102 |a GB 
105 |a y z 001ay 
200 1 |a The Angry Island. Hunting the English  |f A. A. Gill 
210 |a London  |c Phoenix  |d 2006 
215 |a 237 p. 
320 |a Index: p. 229-237. 
606 1 |a Английский язык  |x Учебные руководства и пособия  |x Хрестоматии, книги для чтения  |2 stltpush  |3 (RuTPU)RU\TPU\subj\29075  |9 52487 
610 1 |a английская литература 
610 1 |a очерки 
610 1 |a публицистика 
610 1 |a очерки 
610 1 |a сатира 
610 1 |a юмор 
610 1 |a Англия 
610 1 |a англичане 
686 |a Ш143.21-923.8  |v LBC/SL-A  |2 rubbk 
700 1 |a Gill  |b A. A. 
801 1 |a RU  |b 63413507  |c 20120131 
801 2 |a RU  |b 63413507  |c 20120213  |g RCR 
942 |c BK